[Event "Let's Play Chess!"]
[Site "http://www.queenalice.com/game.php?id=530913"]
[Date "2009.1.28"]
[Round "-"]
[White "jhpj"]
[Black "CampbellMarcel"]
[Result "0-1"]
[WhiteElo "1787"]
[BlackElo "1753"]

1. e4 d5 2. exd5 Nf6 3. c4 e6 4. Nc3 exd5 5. Qe2+ Be7 6. Nf3 dxc4 7. Qxc4 Be6 8.
Qb5+ Bd7 9. Qxb7 Bc6 10. Qb3 O-O 11. Bc4 Bxf3 12. gxf3 Nc6 13. Bb5 Nd4 14. Qd1
c6 15. Bc4 Re8 16. b3 Bc5+ 17. Be2 Nxf3+ 18. Kf1 Nh4 19. Na4 Qd4 20. Bb2 Qxf2#
0-1

[Event "Let's Play Chess!"]
[Site "http://www.queenalice.com/game.php?id=530914"]
[Date "2009.1.28"]
[Round "-"]
[White "CampbellMarcel"]
[Black "jhpj"]
[Result "1-0"]
[WhiteElo "1808"]
[BlackElo "1773"]

1. e4 c5 2. g3 d6 3. Bg2 Nf6 4. d3 g6 5. Nd2 Bg7 6. Ne2 O-O 7. c3 Nc6 8. b3 Bg4
9. f3 Be6 10. O-O d5 11. Bb2 dxe4 12. dxe4 b6 13. Qc2 Bh6 14. f4 Ng4 15. Rf3 b5
16. h3 Nf6 17. e5 Nd5 18. c4 bxc4 19. Nxc4 Bf5 20. Qd1 Be4 21. Rf2 Bxg2 22. Rxg2
a5 23. Nc3 e6 24. Nxd5 exd5 25. Nd6 Ne7 26. Bc1 d4 27. f5 gxf5 28. Bxh6 Nd5 29.
Bxf8 Qxf8 30. Qh5 d3 31. Rd1 Nc3 32. Rxd3 Nxa2 33. Rxa2 1-0

[Event "Let's Play Chess!"]
[Site "http://www.queenalice.com/game.php?id=531040"]
[Date "2009.1.28"]
[Round "-"]
[White "jhpj"]
[Black "Maffu"]
[Result "0-1"]
[WhiteElo "1789"]
[BlackElo "1790"]

1. e4 e5 2. Nf3 Nc6 3. Bc4 Nf6 4. Ng5 d5 5. exd5 Na5 6. b3 Nxc4 7. bxc4 Bc5 8.
O-O O-O 9. Nc3 Bd4 10. Ba3 Re8 11. Rb1 Bg4 12. Qe1 Bxc3 13. dxc3 b6 14. h3 Bd7
15. c5 Nxd5 16. c4 Nf4 17. cxb6 Qxg5 18. g3 Nxh3+ 19. Kh2 Bc6 20. f3 Qh6 21. Bc1
Ng5+ 22. Kg2 Qh3+ 23. Kf2 Nxf3 24. Rh1 Qf5 25. Bf4 Ng5 26. b7 Rab8 27. Qa5 Bxb7
28. Rxb7 Rxb7 29. Qa4 Rd8 30. Re1 Rbb8 31. Rxe5 Nh3+ 32. Kf3 Qf6 33. Qxa7 Nxf4
34. gxf4 Qh4 35. Qxc7 Qh3+ 36. Kf2 Rd2+ 37. Ke1 Rbd8 38. Qe7 Qh1# 0-1

[Event "Let's Play Chess!"]
[Site "http://www.queenalice.com/game.php?id=532898"]
[Date "2009.1.31"]
[Round "-"]
[White "jhpj"]
[Black "vitte10"]
[Result "0-1"]
[WhiteElo "1758"]
[BlackElo "1876"]

1. e4 e5 2. Nf3 Nc6 3. Bc4 Nf6 4. Nc3 Bc5 5. O-O O-O 6. a3 a5 7. Na4 b6 8. Bd5
Bb7 9. Bxc6 Bxc6 10. d3 Bxa4 11. b3 Bc6 12. Bg5 h6 13. Bxf6 Qxf6 14. g3 Rad8 15.
c3 d5 16. b4 dxe4 17. dxe4 Rxd1 18. Rfxd1 Qxf3 19. Rd2 Bxe4 20. Kf1 Qh1+ 21. Ke2
Qxa1 0-1

[Event "Let's Play Chess!"]
[Site "http://www.queenalice.com/game.php?id=532899"]
[Date "2009.1.31"]
[Round "-"]
[White "vitte10"]
[Black "jhpj"]
[Result "0-1"]
[WhiteElo "1909"]
[BlackElo "1758"]

1. d4 d5 2. c4 c6 3. Nc3 Nf6 4. e3 g6 5. Nf3 Bg7 6. Be2 O-O 7. O-O Nbd7 8. Qb3
dxc4 9. Bxc4 Nb6 10. Bd3 Qd6 11. e4 Bg4 12. Nb5 cxb5 13. e5 Qd5 14. exf6 Qxb3
15. axb3 Bxf6 16. Ng5 Bxd4 17. Re1 Bf6 18. Bd2 Bxb2 19. Rab1 Rad8 20. h3 Rxd3
21. Rxb2 Bf5 22. Rxe7 Rd7 23. Re1 f6 24. Ne6 Re8 25. Nc5 Rxe1+ 26. Bxe1 Rc7 27.
b4 Nc4 28. Ra2 b6 29. Na6 Rd7 30. Bc3 Kf7 31. Nb8 Rd1+ 32. Kh2 a5 33. bxa5 bxa5
34. Bxa5 Bb1 35. Re2 Nxa5 36. Na6 Nc4 37. Nc7 b4 38. Re8 b3 39. Rb8 b2 40. Nb5
Bd3 41. Nc3 Rc1 0-1

[Event "Let's Play Chess!"]
[Site "http://www.queenalice.com/game.php?id=532901"]
[Date "2009.1.31"]
[Round "-"]
[White "jhpj"]
[Black "Kingfish"]
[Result "1-0"]
[WhiteElo "1796"]
[BlackElo "1953"]

1. e4 Nf6 2. Nc3 d5 3. e5 Nfd7 4. e6 fxe6 5. d4 Nf6 6. Nf3 Nc6 7. Bb5 Bd7 8. Qe2
a6 9. Bxc6 Bxc6 10. Ne5 Nd7 11. Nxc6 bxc6 12. Qxe6 Nf6 13. Qxc6+ Nd7 14. Nxd5
Kf7 15. Nxc7 1-0

[Event "Let's Play Chess!"]
[Site "http://www.queenalice.com/game.php?id=532902"]
[Date "2009.1.31"]
[Round "-"]
[White "Kingfish"]
[Black "jhpj"]
[Result "1-0"]
[WhiteElo "1942"]
[BlackElo "1797"]

1. e4 c5 2. Nf3 d6 3. Bb5+ Bd7 4. Bxd7+ Qxd7 5. Nc3 e6 6. d3 Nf6 7. e5 Ng4 8.
Ng5 Be7 9. Qxg4 O-O 10. Nge4 f5 11. Qg3 fxe4 12. Bh6 Kf7 13. Qxg7+ Ke8 14. exd6
Bxd6 15. Nxe4 Qxg7 16. Bxg7 Rf7 17. Nxd6+ Ke7 18. Nxf7 Kxf7 19. Bc3 Nc6 20.
O-O-O Rg8 21. g3 b5 22. d4 b4 23. Be1 cxd4 24. c3 dxc3 25. bxc3 bxc3 26. Bxc3
Rc8 27. Kb2 Rb8+ 28. Ka1 Rb5 29. Rd7+ Kg6 30. Re1 e5 31. Rd6+ Kf5 32. Rxc6 1-0

[Event "Let's Play Chess!"]
[Site "http://www.queenalice.com/game.php?id=545756"]
[Date "2009.2.24"]
[Round "-"]
[White "jhpj"]
[Black "Meckerkopp"]
[Result "0-1"]
[WhiteElo "1780"]
[BlackElo "1970"]

1. e4 d5 2. exd5 Qxd5 3. Nc3 Qa5 4. Nf3 e5 5. d3 Nc6 6. g3 Bg4 7. Bg2 Nf6 8. O-O
Bb4 9. a3 Bxc3 10. bxc3 Qxc3 11. Be3 Rd8 12. Rb1 e4 13. Rb3 Qa5 14. Qe1 Qxe1 15.
Nxe1 Be2 16. Rxb7 Bxf1 17. Kxf1 O-O 18. Rxc7 Rc8 19. Rb7 Rfe8 20. Bh3 Rcd8 21.
Rc7 Ne5 22. Rxa7 exd3 23. cxd3 Nxd3 24. Bb6 Rxe1+ 25. Kg2 Rde8 26. Ba5 R1e2 27.
Bb6 h6 28. g4 Ne1+ 29. Kf1 Nd3 30. Bg2 Re1# 0-1

[Event "Let's Play Chess!"]
[Site "http://www.queenalice.com/game.php?id=545757"]
[Date "2009.2.24"]
[Round "-"]
[White "Meckerkopp"]
[Black "jhpj"]
[Result "1-0"]
[WhiteElo "1978"]
[BlackElo "1772"]

1. e4 c5 2. d4 d6 3. d5 e5 4. Bb5+ Bd7 5. Qd3 a6 6. Bxd7+ Nxd7 7. Nf3 Ngf6 8.
Nc3 g6 9. Bg5 Bg7 10. a4 O-O 11. Ne2 Qa5+ 12. Bd2 Qb6 13. Ra2 a5 14. O-O Rac8
15. c4 Ng4 16. Nc3 Qb3 17. Rb1 Nb6 18. Ra3 Qxc4 19. Nb5 Qxd3 20. Rxd3 c4 21. Ra3
Rfe8 22. Nxd6 Bf8 23. Nxc8 Bxa3 24. Nxb6 Bc5 25. Nxc4 Bxf2+ 26. Kf1 Rc8 27.
Ncxe5 Nxe5 28. Nxe5 Bd4 29. Nf3 Bc5 30. Bxa5 b6 31. Bd2 Kg7 32. Bf4 Re8 33. e5
1-0

[Event "Let's Play Chess!"]
[Site "http://www.queenalice.com/game.php?id=580697"]
[Date "2009.5.1"]
[Round "-"]
[White "jhpj"]
[Black "Svolo"]
[Result "0-1"]
[WhiteElo "1773"]
[BlackElo "1656"]

1. e4 d5 2. exd5 Qxd5 3. Nc3 Qe5+ 4. Be2 Bg4 5. d4 Qe6 6. d5 Bxe2 7. Ngxe2 Qe5
8. Bf4 Qh5 9. Bxc7 Na6 10. Bf4 e5 11. dxe6 Rd8 12. Nd4 Qxd1+ 13. Rxd1 fxe6 14.
O-O Bd6 15. Nxe6 Bxf4 16. Nxd8 Nf6 17. Rfe1+ Kf8 18. Nxb7 Kf7 19. Rd4 Re8 20.
Nd6+ Bxd6 21. Rxe8 Nxe8 22. Nb5 Bc5 23. Rd7+ Kf6 24. Rd8 Nac7 25. Nc3 Be7 26.
Rc8 Ke5 27. b4 Bxb4 28. Ne2 Ke4 29. Rb8 a5 30. Ng3+ Ke5 31. Rb6 Ne6 32. Rc6 Kd5
33. Rc8 N8c7 34. h4 Ke5 35. h5 h6 36. Ne2 a4 37. Rb8 Bc5 38. Nc3 a3 39. g3 Kf5
40. Kg2 Kg4 41. Ne4 Be7 42. Rb6 Kxh5 0-1

[Event "Bobby Fischer is alive"]
[Site "http://www.queenalice.com/game.php?id=597614"]
[Date "2009.6.3"]
[Round "-"]
[White "jhpj"]
[Black "Homedepotov"]
[Result "1-0"]
[WhiteElo "1756"]
[BlackElo "1772"]

1. e4 c5 2. Bc4 Nc6 3. Nf3 d6 4. Nc3 e5 5. O-O Be7 6. d3 Nf6 7. Nd5 Nxd5 8. Bxd5
Be6 9. Bxc6+ bxc6 10. b3 Bf6 11. c3 O-O 12. b4 cxb4 13. cxb4 Qb6 14. Qd2 d5 15.
Re1 d4 16. Ba3 1-0

[Event "Let's Play Chess!"]
[Site "http://www.queenalice.com/game.php?id=661667"]
[Date "2009.10.2"]
[Round "-"]
[White "elche"]
[Black "jhpj"]
[Result "1-0"]
[WhiteElo "1761"]
[BlackElo "1752"]

1. e4 c5 2. Nc3 d6 3. g3 g6 4. Bg2 Nf6 5. d3 Bg7 6. Rb1 Qa5 7. Bd2 Nc6 8. a3 O-O
9. f4 Bg4 10. Nge2 Nd4 11. O-O b5 12. h3 Be6 13. Nxd4 cxd4 14. Nd5 Qd8 15. Nxf6+
exf6 16. f5 Bd7 17. g4 gxf5 18. exf5 Rc8 19. c3 Qb6 20. Kh1 h6 21. Qc1 Qc5 22.
Be3 dxe3 23. d4 Qb6 24. Qxe3 Rfe8 25. Qf3 Bc6 26. Qg3 Bxg2+ 27. Qxg2 Qc6 28.
Qxc6 Rxc6 29. Rbe1 Rd8 30. Re7 Kf8 31. Rxa7 Re8 32. Ra5 Re2 33. Rxb5 Ke7 34.
Rb7+ Kd8 35. Rxf7 Rc7 36. Rxc7 Kxc7 37. Rb1 d5 38. a4 Re3 39. Kg2 Re2+ 40. Kf3
Re8 41. b4 Bf8 42. a5 Bd6 43. b5 Kb7 44. Rc1 Ba3 45. Rc2 h5 46. c4 hxg4+ 47.
hxg4 Rh8 48. c5 Bb4 49. a6+ 1-0

[Event "Let's Play Chess!"]
[Site "http://www.queenalice.com/game.php?id=664725"]
[Date "2009.10.9"]
[Round "-"]
[White "jhpj"]
[Black "forki"]
[Result "0-1"]
[WhiteElo "1736"]
[BlackElo "1585"]

1. e4 c5 2. Nf3 d6 3. Bb5+ Bd7 4. Bxd7+ Nxd7 5. Nc3 Ngf6 6. d3 g6 7. O-O Bg7 8.
Bg5 Qb6 9. b3 Qd8 10. h3 Nh5 11. d4 cxd4 12. Nxd4 O-O 13. Nd5 Nhf6 14. Bxf6 Nxf6
15. Nxf6+ Bxf6 16. a4 Qb6 17. c3 Rac8 18. a5 Qc5 19. Rc1 Qxa5 20. b4 Qg5 21. g3
Qe5 0-1

[Event "Let's Play Chess!"]
[Site "http://www.queenalice.com/game.php?id=664726"]
[Date "2009.10.9"]
[Round "-"]
[White "forki"]
[Black "jhpj"]
[Result "1-0"]
[WhiteElo "1607"]
[BlackElo "1714"]

1. d4 g6 2. c4 Bg7 3. e4 d6 4. Nc3 Nf6 5. Nf3 O-O 6. Qc2 Nc6 7. Bd3 Nb4 8. Qd2
a5 9. Bb1 Bg4 10. a3 Bxf3 11. gxf3 b6 12. f4 e6 13. axb4 axb4 14. Rxa8 Qxa8 15.
Na2 b3 16. Nb4 Qxe4+ 17. Bxe4 Nxe4 18. Qe3 f5 19. f3 c5 20. fxe4 cxb4 21. exf5
gxf5 22. Qxe6+ 1-0

[Event "Challenge"]
[Site "http://www.queenalice.com/game.php?id=759868"]
[Date "2010.4.12"]
[Round "-"]
[White "jhpj"]
[Black "Barbudo"]
[Result "0-1"]
[WhiteElo "1632"]
[BlackElo "1765"]

1. e4 e5 2. Nf3 Nc6 3. Bc4 h6 4. Nc3 Nf6 5. O-O a6 6. d3 Bb4 7. a3 Bxc3 8. bxc3
O-O 9. Bd5 Nxd5 10. exd5 Ne7 11. c4 d6 12. d4 e4 13. Nh4 Nxd5 14. cxd5 Qxh4 15.
f3 exf3 16. Qxf3 Qxd4+ 17. Be3 Qc4 18. Rac1 Bg4 19. Qf4 Qxf4 20. Bxf4 Rfe8 21.
Rb1 b5 22. h3 Bh5 23. g4 Bg6 24. Rbc1 Re2 25. Rf2 Rxf2 26. Kxf2 Re8 27. Re1 Rxe1
28. Kxe1 Bxc2 29. Kd2 Be4 30. Ke3 Bxd5 31. Kd4 Be6 32. Kc3 g5 33. Be3 f5 34.
gxf5 Bxf5 35. Kb4 Bxh3 36. Bd2 c5+ 37. Ka5 g4 38. Bf4 d5 39. Kxa6 b4 40. a4 b3
41. Bc1 g3 42. Kb6 g2 0-1

[Event "Challenge"]
[Site "http://www.queenalice.com/game.php?id=759869"]
[Date "2010.4.12"]
[Round "-"]
[White "Barbudo"]
[Black "jhpj"]
[Result "1-0"]
[WhiteElo "1837"]
[BlackElo "1621"]

1. e4 e5 2. Nf3 Nc6 3. Bb5 Nf6 4. Bxc6 dxc6 5. Nxe5 Qd4 6. Nf3 Qxe4+ 7. Kf1 Bc5
8. d3 Qg4 9. Qe2+ Be6 10. h3 Qf5 11. Nbd2 O-O 12. Ne4 b6 13. Be3 Bxe3 14. Qxe3
Bd5 15. Nd4 Qg6 16. Ng3 c5 17. Ndf5 Rfe8 18. Qf4 Be6 19. Nh4 Qh6 20. Qxh6 gxh6
21. Nhf5 h5 22. c4 Bxf5 23. Nxf5 Rab8 24. f3 b5 25. Kf2 bxc4 26. dxc4 Rxb2+ 27.
Kg3 Re5 28. Kf4 Nd7 29. Rhd1 f6 30. Rxd7 Rb7 31. Nh6+ Kf8 32. Rf7+ Ke8 33. Rxf6
Re7 34. Kf5 Rb6 35. Rxb6 axb6 36. g4 h4 37. Kg5 Re3 38. Kxh4 Rxf3 39. Re1+ Kf8
40. Re4 Kg7 41. Nf5+ 1-0

[Event "Challenge"]
[Site "http://www.queenalice.com/game.php?id=759870"]
[Date "2010.4.12"]
[Round "-"]
[White "jhpj"]
[Black "marcosbratz"]
[Result "0-1"]
[WhiteElo "1686"]
[BlackElo "1672"]

1. e4 e5 2. Nf3 Nc6 3. Bc4 Bc5 4. O-O Nf6 5. d3 h6 6. Nc3 O-O 7. Be3 Bxe3 8.
fxe3 a6 9. a4 d6 10. d4 exd4 11. exd4 Bg4 12. Be2 Re8 13. Nh4 Bxe2 14. Nxe2 Rxe4
15. Rf4 d5 16. Ng3 Rxf4 17. Qd2 Rxh4 18. Qf2 Rxd4 19. Qe1 Nb4 20. Qd1 Rxd1+ 21.
Rxd1 Nxc2 22. Nf5 Qe8 23. h3 Qe2 24. Rf1 Ne3 25. Rf2 Qe1+ 0-1

[Event "Challenge"]
[Site "http://www.queenalice.com/game.php?id=759871"]
[Date "2010.4.12"]
[Round "-"]
[White "marcosbratz"]
[Black "jhpj"]
[Result "1-0"]
[WhiteElo "1689"]
[BlackElo "1669"]

1. e4 e5 2. Nf3 Nc6 3. Bb5 Nf6 4. Bxc6 bxc6 5. Nxe5 Nxe4 6. Qe2 Nd6 7. Nxc6+ Be7
8. Nxd8 Kxd8 9. O-O Bb7 10. d3 Nf5 11. Bf4 Bd6 12. Bxd6 Nxd6 13. Nc3 g6 14. Qe5
Re8 15. Qf6+ Kc8 16. Rfe1 Bc6 17. Rxe8+ Nxe8 18. Qxf7 Nd6 19. Qxh7 g5 20. b3 Ne8
21. Re1 d6 22. Nd5 Bxd5 23. Rxe8+ Kb7 24. Rxa8 Kxa8 25. Qxc7 Bb7 26. Qd8+ 1-0

[Event "Let's Play Chess!"]
[Site "http://www.queenalice.com/game.php?id=759872"]
[Date "2010.4.12"]
[Round "-"]
[White "jhpj"]
[Black "FranzMeM"]
[Result "1-0"]
[WhiteElo "1694"]
[BlackElo "1424"]

1. e4 c5 2. Nf3 d6 3. Bc4 h6 4. Nc3 Bg4 5. d4 cxd4 6. Qxd4 Bxf3 7. gxf3 Nc6 8.
Qd3 e6 9. Bf4 Be7 10. O-O-O Bf6 11. Nb5 Be7 12. Rhg1 Nb4 13. Qe3 Qa5 14. Qa3
Nxa2+ 15. Bxa2 Qxb5 16. Rxg7 O-O-O 17. Rxf7 d5 18. Qb3 Bb4 19. c3 Qc5 20. Rc7+
Qxc7 21. Bxc7 Kxc7 22. Qxb4 b6 23. exd5 Ne7 24. Qxe7+ Rd7 25. d6+ Kc6 26. Qxe6
Rhd8 27. Qd5# 1-0

[Event "Let's Play Chess!"]
[Site "http://www.queenalice.com/game.php?id=759873"]
[Date "2010.4.12"]
[Round "-"]
[White "rocha"]
[Black "jhpj"]
[Result "1-0"]
[WhiteElo "1514"]
[BlackElo "1654"]

1. e3 e5 2. Nc3 Bc5 3. h3 Nf6 4. d3 O-O 5. d4 exd4 6. exd4 Qe8+ 7. Nge2 Nc6 8.
dxc5 d6 9. cxd6 cxd6 10. f3 h6 11. Rg1 Bf5 12. g4 Bg6 13. Nd5 Nxd5 14. Qxd5 Qe6
15. Qxe6 fxe6 16. Bg2 Bxc2 17. Bd2 Bd3 18. Nf4 Nd4 19. Nxd3 Nc2+ 20. Ke2 Nxa1
21. Rxa1 g6 22. Nf4 g5 23. Nd3 Rac8 24. Rc1 Rxc1 25. Nxc1 d5 26. Nd3 b5 27. Kf2
Rc8 28. Ke3 a6 29. b3 Rc2 30. Nc1 Kg7 31. Bf1 e5 32. Bd3 d4+ 33. Ke2 Rc5 34. b4
Rc6 35. Nb3 Kf6 36. Be4 Rc7 37. Nc5 Ra7 38. Bf5 Ra8 39. Nd7+ Ke7 40. Nxe5 Kf6
41. Nc6 Re8+ 42. Kd3 1-0

[Event "Let's Play Chess!"]
[Site "http://www.queenalice.com/game.php?id=759874"]
[Date "2010.4.12"]
[Round "-"]
[White "jhpj"]
[Black "rafael_100000"]
[Result "0-1"]
[WhiteElo "1699"]
[BlackElo "1547"]

1. e4 e5 2. Nf3 d6 3. d4 Bg4 4. Be2 c5 5. dxc5 dxc5 6. Qxd8+ Kxd8 7. Bg5+ f6 8.
h3 Bxf3 9. Bxf3 fxg5 10. Nc3 Ne7 11. O-O Nd7 12. Rad1 g6 13. Bg4 Rc8 14. Bxd7
Rc7 15. Bc6+ Kc8 16. Ba4 a6 17. Rfe1 b5 18. Bxb5 axb5 19. Nxb5 Rd7 20. Nd6+ Kc7
21. Nf7 Rg8 22. Nxe5 Rxd1 23. Rxd1 Rg7 24. Rd7+ Kc8 25. a4 h5 26. a5 Rg8 27. a6
Kb8 28. a7+ Ka8 29. c3 c4 30. Nxc4 Nc8 31. b4 Bg7 32. b5 Bf6 33. b6 Ne7 34. e5
Bxe5 35. Nxe5 Nf5 36. Nc6 Nd6 37. c4 Rc8 38. c5 Rxc6 39. b7+ Kxa7 40. cxd6 Kb8
41. Rc7 Rxd6 42. Rg7 g4 43. h4 g3 44. f3 Rd1# 0-1

[Event "Let's Play Chess!"]
[Site "http://www.queenalice.com/game.php?id=759875"]
[Date "2010.4.12"]
[Round "-"]
[White "FranzMeM"]
[Black "jhpj"]
[Result "0-1"]
[WhiteElo "1512"]
[BlackElo "1677"]

1. e4 e5 2. Nf3 Nc6 3. Bc4 Nf6 4. Ng5 d5 5. exd5 Nxd5 6. d3 Be7 7. Bxd5 Qxd5 8.
O-O O-O 9. Nc3 Qd4 10. Be3 Qb4 11. Qc1 Qg4 12. Nd5 Bxg5 13. Bxg5 a5 14. Nxc7 Rb8
15. Nd5 f6 16. Bxf6 gxf6 17. Qh6 Qg7 18. Nxf6+ Rxf6 19. Qxg7+ Kxg7 20. c3 Bf5
21. Rad1 Rd8 22. d4 exd4 23. a3 d3 24. b4 axb4 25. axb4 d2 26. f3 Bc2 27. Ra1
d1=Q 28. Rfxd1 Bxd1 29. h4 Re6 30. f4 Re1+ 31. Kh2 Rd3 32. b5 Ne7 33. c4 Rc3 34.
Ra7 Rxc4 35. Rxb7 Kf7 36. b6 Rc8 37. Kg3 Re3+ 38. Kf2 Re2+ 39. Kg3 Re3+ 40. Kf2
Re2+ 41. Kg3 Ke8 42. Kf3 Nd5 43. g4 Rc3# 0-1

[Event "Let's Play Chess!"]
[Site "http://www.queenalice.com/game.php?id=937847"]
[Date "2011.5.14"]
[Round "-"]
[White "jhpj"]
[Black "nickpet"]
[Result "0-1"]
[WhiteElo "1614"]
[BlackElo "1587"]

1. e4 e5 2. Nf3 Qf6 3. Bc4 h6 4. d3 a6 5. Nc3 Ne7 6. b3 b5 7. Bd5 c6 8. Bxf7+
Qxf7 9. O-O d6 10. Nh4 Ng6 11. Nxg6 Qxg6 12. a3 Bh3 13. Qf3 Bg4 14. Qg3 h5 15.
h3 Qh6 16. Bxh6 Rxh6 17. f3 Be6 18. a4 b4 19. Ne2 h4 20. Qg5 Kf7 21. a5 Be7 22.
Qe3 Rg6 23. f4 Kg8 24. Qb6 Nd7 25. Qxc6 Rf8 26. Qxa6 Bxh3 27. Qb7 Rxg2+ 28. Kh1
Rxe2 29. Rf3 Bg2+ 30. Kg1 Bxf3 31. Qxd7 Bf6 32. Qxd6 h3 33. Qe6+ Rf7 34. Qe8+
Kh7 35. Qxf7 h2+ 0-1